Pokemon by Evolutions #2 - Statistics

General Stats
  • This quiz has been taken 17 times
  • The average score is 14 of 20
Answer Stats
Hint Answer % Correct
Eevee Flareon
100%
Eevee Vaporeon
100%
Gastly Haunter
86%
Eevee Jolteon
86%
Slowpoke Slowbro
86%
Eevee Sylveon
86%
Eevee Umbreon
86%
Kakuna Beedrill
79%
Eevee Glaceon
79%
Slowpoke Slowking
79%
Eevee Leafeon
71%
Mankey Primeape
71%
Eevee Espeon
64%
Metang Metagross
57%
Grovyle Sceptile
57%
Meltan Melmetal
50%
Boldore Gigalith
43%
Grookey Thwackey
43%
Chewtle Drednaw
36%
Inkay Malamar
36%
No matching quizzes found
Score Distribution
Percent of People with Each Score
Percentile by Number Answered
Your Score History
You have not taken this quiz